Sister Nivedita's Interpretation of Swami Vivekananda and Cross-Cultural Multidisciplinary Philosophy/ (Record no. 180045)

MARC details
000 -LEADER
fixed length control field 00625nam a22001817a 4500
005 - DATE AND TIME OF LATEST TRANSACTION
control field 20210722124828.0
010 ## - LCCN (DPL NO)
LC control number ENG-129614
020 ## - INTERNATIONAL STANDARD BOOK NUMBER
International Standard Book Number 978-93-88542-10-4
Terms of availability 250.00
035 ## - SYSTEM CONTROL NUMBER
System control number EN-113146
037 ## - SOURCE OF ACQUISITION
Source of stock number/acquisition DBAD/PUB
082 ## - DEWEY DECIMAL CLASSIFICATION NUMBER
Classification number 294.555092
100 ## - MAIN ENTRY--PERSONAL NAME
Personal name Basu, Durga
245 ## - TITLE STATEMENT
Title Sister Nivedita's Interpretation of Swami Vivekananda and Cross-Cultural Multidisciplinary Philosophy/
Statement of responsibility, etc by Durga Basu
260 ## - PUBLICATION, DISTRIBUTION, ETC. (IMPRINT)
Place of publication, distribution, etc Kolkata
Name of publisher, distributor, etc Swami Suparnananda
Date of publication, distribution, etc 2020
270 ## - ADDRESS
Address Ramakrishna Mission Institure of Culture,
City Gol Park, Kolkata
Postal code 700029
300 ## - PHYSICAL DESCRIPTION
Extent 427p.
Dimensions 22cm(hbk)
942 ## - ADDED ENTRY ELEMENTS (KOHA)
Source of classification or shelving scheme Dewey Decimal Classification
Item type English Books
Classification part 294.555092
Call number suffix BAS
Holdings
Withdrawn status Lost status Not for loan Collection code Home library Current library Date acquired Source of acquisition Cost, normal purchase price Full call number Barcode Copy number Cost, replacement price Koha item type
      Non-fiction Central Library Central Library 22/07/2021 DBAD/PUB 250.00 294.555092 BAS EN-113146 1 250.00 English Books

© Delhi Public Library
Hit Counter
free hit counter